00516nam a22001817a 450000500170000000800410001702000180005804000210007604100080009708200190010510000300012424500460015425000120020026000330021230000100024565000360025565000430029120230404123712.0230404b ||||| |||| 00| 0 eng d a9789382056317 aIN-DiNCcIN-DiNC dasm a910.54163bDAT aDatta, Soumyadeepeauthor aMohamoyee Arunachal/cby Soumyadeep Datta a1st ed. aDibrugarh:bBanalata,c2016. a264p. aTravelogue on Arunachal Pradesh aTravel literature on Arunachal Pradesh